000 00498nam a2200181Ia 4500
008 151018s9999 xx 000 0 und d
082 _bRBASDV29129
_a891.463
100 _aलक्ष्मन माने
245 _aउपरा
250 _b4
260 _bग्रंथाली
_c1993
300 _a157
600 _aलक्ष्मन माने
630 _aउपरा
700 _aलक्ष्मन माने
730 _aउपरा
942 _cBOOK
999 _c1028694
_d1028691